000
00302pam a2200133 a 4500
020
_c
041
_a
eng
082
_b
CHA
100
_a
Indranath Chaudhari.
245
_a
Enc. Of Indian Literature I
_h
Textual Documents
260
_a
New Delhi
_b
Sahitya Academy
300
_a
1177pg.
930
_a
11822
999
_c
88725
_d
88725